30 Biggest Cities in Czech Republic - Statistics

General Stats
  • This quiz has been taken 155 times
  • The average score is 19 of 30
Answer Stats
Lp City Population % Correct
1. Prague 1 165 581
99%
2. Brno 369 559
96%
3. Ostrava 313 088
89%
5. Olomouc 101 268
86%
6. Liberec 97 770
83%
19. Karlovy Vary 51 807
80%
7. České Budějovice 96 053
79%
4. Pilsen 164 180
79%
8. Hradec Králové 95 195
74%
10. Pardubice 88 741
74%
9. Ústí nad Labem 94 105
74%
12. Zlín 78 759
74%
22. Jihlava 50 100
68%
14. Most 67 905
66%
13. Kladno 70 003
61%
16. Opava 60 252
61%
21. Chomutov 50 251
55%
15. Karviná 63 677
55%
26. Mladá Boleslav 43 684
54%
17. Frýdek-Místek 59 416
53%
11. Havířov 82 768
53%
20. Teplice 51 223
52%
25. Jablonec nad Nisou 44 878
50%
30. Tábor 36 264
50%
23. Prostějov 47 374
47%
18. Děčín 52 058
46%
24. Přerov 47 311
42%
29. Třinec 38 415
35%
28. Třebíč 38 785
29%
27. Česká Lípa 38 841
23%
No matching quizzes found
Score Distribution
Percent of People with Each Score
Percentile by Number Answered
Your Score History
You have not taken this quiz